000 01088nam2a2200205 4500
001 RU\NLR\PER_A\003157916_000750
005 20250624042614.0
035 _a(NLR Aleph) 012467938
090 _a12061762
_c12061762
100 _a20210305d2020 |||y0rusy50 ca
101 0 _arus
102 _aRU
200 0 _a2020, № 4 (58)
210 _d2020
_aБ. м.
461 0 _1001RU\NLR\Per\765533
_12001#$aАктуальные проблемы высшего музыкального образования$dActual problems of high musical education$eнаучно-аналитический и научно-образовательный журнал$v2020, № 4 (58)
_93074179
_cНижний Новгород
_d2010 -
_lActual problems of high musical education
_n[б. и.]
_oнаучно-аналитический и научно-образовательный журнал
_tАктуальные проблемы высшего музыкального образования
_x2220-1769
_v2020, № 4 (58)
852 _aNLR
_jП29/1610
942 _cISSUE
980 _aNB
980 _aRUSPER